Social entrepreneurship and sustainable development / (Record no. 14282)

000 -LEADER
fixed length control field 00976cam a2200289 i 4500
003 - CONTROL NUMBER IDENTIFIER
control field OSt
005 - DATE AND TIME OF LATEST TRANSACTION
control field 20260406173353.0
008 - FIXED-LENGTH DATA ELEMENTS--GENERAL INFORMATION
fixed length control field 210706s2021 enk b 001 0 eng
020 ## - INTERNATIONAL STANDARD BOOK NUMBER
International Standard Book Number 9780367674335
Qualifying information (hbk)
025 ## - OVERSEAS ACQUISITION NUMBER
Overseas acquisition number I-E-2020335407
035 ## - SYSTEM CONTROL NUMBER
System control number 22115196
037 ## - SOURCE OF ACQUISITION
Source of stock number/acquisition Library of Congress -- New Delhi Overseas Office
042 ## - AUTHENTICATION CODE
Authentication code lcode
-- lcode
050 00 - LIBRARY OF CONGRESS CALL NUMBER
Classification number HD60
Item number .S59225 2021
245 00 - TITLE STATEMENT
Title Social entrepreneurship and sustainable development /
Statement of responsibility, etc edited by Archana Singh and Edakkandi Meethal Reji.
250 ## - EDITION STATEMENT
Edition statement First South Asia edition.
300 ## - PHYSICAL DESCRIPTION
Extent xxv, 254 pages ;
Dimensions 24 cm.
490 0# - SERIES STATEMENT
Series statement Towards sustainable futures
504 ## - BIBLIOGRAPHY, ETC. NOTE
Bibliography, etc Includes bibliographical references and index.
530 ## - ADDITIONAL PHYSICAL FORM AVAILABLE NOTE
Additional physical form available note Also available as an ebook.
650 #0 - SUBJECT ADDED ENTRY--TOPICAL TERM
Topical term or geographic name as entry element Social entrepreneurship.
650 #0 - SUBJECT ADDED ENTRY--TOPICAL TERM
Topical term or geographic name as entry element Social responsibility of business.
650 #0 - SUBJECT ADDED ENTRY--TOPICAL TERM
Topical term or geographic name as entry element Sustainable development.
700 1# - ADDED ENTRY--PERSONAL NAME
Personal name Singh, Archana,
Relator term editor.
700 1# - ADDED ENTRY--PERSONAL NAME
Personal name Reji, Edakkandi Meethal,
Relator term editor.
942 ## - ADDED ENTRY ELEMENTS (KOHA)
Source of classification or shelving scheme
Holdings
Withdrawn status Lost status Source of classification or shelving scheme Damaged status Koha normalized classification for sorting Not for loan Permanent location Current location Shelving location Date acquired Full call number Barcode Date last seen Price effective from Koha item type
        338_927000000000000   BMS College of Architecture, Design and Planning BMS College of Architecture, Design and Planning General Stacks 2025-12-16 338.927 AR-UG5174 2026-02-10 2026-02-10 UG Books
Copyright © 2025, The Librarian, Library and Information Centre, BMSCA D&P, Bengaluru. All Rights Reserved
web counter

Powered by Koha